[Event "Challenge"]
[Site "http://www.queenalice.com/game.php?id=444658"]
[Date "2008.8.6"]
[Round "-"]
[White "creualta"]
[Black "xerxe"]
[Result "1-0"]
[WhiteElo "1544"]
[BlackElo "1611"]

1. e4 e5 2. d3 Nc6 3. Nf3 Bc5 4. Be3 Bxe3 5. fxe3 d6 6. d4 Bg4 7. d5 Nce7 8. h3
Bh5 9. g4 Bg6 10. Nc3 Nf6 11. Qd3 Nexd5 12. Nxd5 Nxd5 13. Qxd5 c6 14. Qb3 Bxe4
15. Bg2 Qf6 16. Rf1 Qg6 17. c3 f5 18. Qxb7 O-O 19. Nh4 Qg5 20. O-O-O Qxh4 21.
Bxe4 fxe4 22. Rxf8+ Rxf8 23. Rxd6 Qe1+ 24. Rd1 Qxe3+ 25. Kb1 Qe2 26. Qb3+ Kh8
27. a3 e3 28. Rd7 Rf1+ 29. Ka2 Rf8 30. Rf7 Rxf7 31. Qb8+ 1-0

[Event "Challenge"]
[Site "http://www.queenalice.com/game.php?id=444660"]
[Date "2008.8.6"]
[Round "-"]
[White "creualta"]
[Black "Matrix"]
[Result "0-1"]
[WhiteElo "1689"]
[BlackElo "1523"]

1. e4 e5 2. Nf3 Nf6 3. d3 d6 4. Qe2 Be6 5. d4 Be7 6. Qb5+ c6 7. Qxb7 O-O 8. Qxa8
Qb6 9. Be3 Nbd7 10. Qxf8+ Kxf8 11. b3 Nxe4 12. Nbd2 Nxd2 13. Nxd2 exd4 14. Bf4
Bf5 15. Rc1 Qa5 16. a4 g6 17. Be2 Qb4 18. O-O d3 19. c3 Qxf4 20. Rcd1 dxe2 21.
g3 Qg4 22. f3 Qh3 23. Rfe1 exd1=Q 24. Rxd1 d5 25. Nf1 Ne5 26. Nd2 Nxf3+ 27. Kf2
Bg4 28. Nxf3 Bc5+ 29. Ke1 Bxf3 30. Rd2 Qe6+ 0-1

[Event "Challenge"]
[Site "http://www.queenalice.com/game.php?id=445847"]
[Date "2008.8.8"]
[Round "-"]
[White "creualta"]
[Black "naugard12"]
[Result "1-0"]
[WhiteElo "1537"]
[BlackElo "1460"]

1. e4 e5 2. d3 Nf6 3. Nf3 d5 4. exd5 Nxd5 5. Nxe5 f6 6. Nc4 c6 7. Qe2+ Be7 8. g3
O-O 9. Nbd2 b5 10. Ne3 Na6 11. c3 Bc5 12. Bg2 Be6 13. d4 Bb6 14. Be4 Bh3 15. Qh5
Be6 16. Qxh7+ Kf7 17. Bg6+ Ke7 18. Qxg7+ Bf7 19. Ne4 Ke8 20. Nf5 Bc7 21. Nh6
Bxg6 22. Qxg6+ Ke7 23. O-O Qe8 24. Qg7+ Kd8 25. Re1 Qe7 26. Qxe7+ Kxe7 27. Nc5+
Kd8 28. Nxa6 Bd6 29. Re6 Kd7 30. Re4 Rae8 31. f3 f5 32. Rxe8 Kxe8 33. Bg5 Kd7
34. Re1 f4 35. g4 Ne3 36. Nc5+ Bxc5 37. dxc5 Nf5 38. gxf5 1-0

[Event "Challenge"]
[Site "http://www.queenalice.com/game.php?id=450155"]
[Date "2008.8.18"]
[Round "-"]
[White "Ponce"]
[Black "creualta"]
[Result "0-1"]
[WhiteElo "1625"]
[BlackElo "1665"]

1. e4 e5 2. d3 Nc6 3. Nf3 d6 4. g3 Bg4 5. Bg2 Qd7 6. c3 Nf6 7. O-O Be7 8. Qb3 b6
9. Ne1 Be2 10. Nd2 Bxf1 11. Nxf1 Qg4 12. f3 Qe6 13. c4 Nd4 14. Qa4+ Qd7 15.
Qxd7+ Nxd7 16. Bh3 Nc5 17. Be3 h6 18. Bxd4 exd4 19. b4 Nb7 20. Nc2 O-O 21. Nxd4
Bf6 22. Re1 Bxd4+ 23. Kg2 a5 24. a3 axb4 25. axb4 Ra2+ 26. Kh1 Rfa8 27. Bd7 Ra1
28. Rxa1 Rxa1 29. Kg2 g5 30. Bc6 Nd8 31. b5 h5 32. f4 g4 33. h3 Ra2+ 34. Kh1
gxh3 35. Nh2 Ra1+ 36. Nf1 Rxf1+ 37. Kh2 Ne6 38. Bd7 Rf3 39. Kxh3 Nxf4+ 40. Kh2
Bf2 41. gxf4 Rxd3 42. Kg2 Be3 43. Kf3 Bc5+ 44. Ke2 Rd4 45. Bf5 h4 46. Ke3 Rxc4+
47. Kf3 Rc3+ 48. Kg4 h3 49. e5 Re3 50. e6 h2 51. e7 Rxe7 0-1

[Event "Challenge"]
[Site "http://www.queenalice.com/game.php?id=461780"]
[Date "2008.9.11"]
[Round "-"]
[White "creualta"]
[Black "carlos81"]
[Result "0-1"]
[WhiteElo "1658"]
[BlackElo "1665"]

1. e4 c6 2. d4 d5 3. e5 Bf5 4. Bd3 Bxd3 5. Qxd3 e6 6. Nh3 Nd7 7. c4 Bb4+ 8. Bd2
Bxd2+ 9. Nxd2 Ne7 10. Qg3 Nf5 11. Qb3 Nxd4 12. Qd3 Nf5 13. g4 Nh4 14. Qg3 Ng6
15. O-O-O Ngxe5 16. f4 Nxc4 17. Rhe1 Nxd2 18. Rxd2 O-O 19. Qd3 Nc5 20. Qc3 Qe7
21. Nf2 Na4 22. Qd4 b5 23. b3 Qc5+ 24. Kd1 Nc3+ 25. Kc2 Qxd4 26. Rxd4 Nxa2 27.
Ra1 c5 28. Rdd1 Nb4+ 29. Kb2 c4 30. Ra5 a6 31. Rda1 d4 32. bxc4 bxc4 33. R5a4
Rfb8 34. Rd1 Nd5+ 35. Kc1 Nc3 36. Rxc4 Nxd1 37. Nxd1 Rc8 38. Nb2 Rxc4+ 39. Nxc4
Rc8 40. Kd2 Rxc4 0-1

[Event "Challenge"]
[Site "http://www.queenalice.com/game.php?id=462581"]
[Date "2008.9.13"]
[Round "-"]
[White "creualta"]
[Black "Saintsalles"]
[Result "0-1"]
[WhiteElo "1633"]
[BlackElo "1721"]

1. e4 e5 2. Nf3 Nc6 3. Bb5 Qf6 4. Nc3 Nce7 5. d4 exd4 6. Nxd4 a6 7. Bd3 Qxd4 8.
Be3 Qf6 9. Qe2 c6 10. f4 g6 11. Qf2 b5 12. Bd4 Qxd4 13. Qxd4 f6 14. e5 Bg7 15.
O-O f5 16. a4 Bb7 17. axb5 cxb5 18. Rad1 Nc6 19. Qb6 Rb8 20. Be2 Bc8 21. Qc5
Nge7 22. Bf3 Bf8 23. Nd5 Nxd5 24. Qxd5 Nb4 25. Qd2 Bc5+ 26. Kh1 Ke7 27. c3 Nc6
28. b4 Bb6 29. Bxc6 Rd8 30. Bd5 Bc7 31. Rfe1 Rb6 32. Qd3 Bb7 33. Qe3 Bxd5 34.
Rxd5 Ke6 35. Qc5 Rc6 36. Qd4 Bb6 37. Qd3 Bc7 38. Qh3 Kxd5 39. e6 Rxe6 40. Rd1+
Kc6 41. Qf3+ d5 42. Qf2 Bb6 43. Qa2 h6 44. h3 h5 45. Qxa6 Re7 46. Ra1 Rde8 47.
Kh2 Rd8 48. Ra5 Ra7 49. Qxb5+ Kb7 50. Rxa7+ Kxa7 51. Qc6 d4 52. cxd4 Rxd4 53. b5
Rxf4 54. Qxg6 Rf1 55. Qg7+ Kb8 56. Qh8+ Kb7 57. Qxh5 Bc7+ 58. g3 f4 59. Qd5+ Ka7
60. Qc5+ Bb6 61. Qa3+ Kb7 62. h4 fxg3+ 63. Qxg3 Bc7 64. Kg2 Bxg3 65. Kxf1 Bxh4
66. Ke2 Kb6 0-1

[Event "Challenge"]
[Site "http://www.queenalice.com/game.php?id=462586"]
[Date "2008.9.13"]
[Round "-"]
[White "creualta"]
[Black "Acuario_72"]
[Result "0-1"]
[WhiteElo "1679"]
[BlackElo "1100"]

1. e4 g6 2. d4 Bg7 3. e5 b6 4. Qf3 Nc6 5. Bb5 Bb7 6. d5 Nxe5 7. Qb3 e6 8. dxe6
fxe6 9. Qxe6+ Ne7 10. Qb3 Bxg2 11. Qc3 Nd5 12. Qg3 Bxh1 13. Bh6 Qe7 14. Bxg7
Nf3+ 0-1

[Event "Challenge"]
[Site "http://www.queenalice.com/game.php?id=462588"]
[Date "2008.9.13"]
[Round "-"]
[White "creualta"]
[Black "Ariram"]
[Result "0-1"]
[WhiteElo "1679"]
[BlackElo "1665"]

1. d4 d5 2. Nd2 Nf6 3. Ngf3 Bg4 4. Ne5 Bf5 5. c4 e6 6. e3 Nbd7 7. cxd5 exd5 8.
Bb5 c6 9. Ba4 Bd6 10. Qf3 Be6 11. Qg3 Bxe5 12. f4 Bd6 13. Qxg7 Rg8 14. Qh6 Rxg2
15. Qh3 Bxh3 0-1

[Event "Challenge"]
[Site "http://www.queenalice.com/game.php?id=466473"]
[Date "2008.9.21"]
[Round "-"]
[White "creualta"]
[Black "Enrico"]
[Result "0-1"]
[WhiteElo "1658"]
[BlackElo "1817"]

1. e4 e5 2. Nf3 Nc6 3. Bb5 d6 4. d4 Bd7 5. d5 Nce7 6. c4 a6 7. Bxd7+ Qxd7 8. Qb3
Rb8 9. Be3 b6 10. O-O g6 11. h3 Bh6 12. Bxh6 Nxh6 13. Qe3 Nhg8 14. b4 Nf6 15.
Qh6 Nxe4 16. Re1 Nf6 17. Nbd2 Nf5 18. Qg5 Ng8 19. Ne4 Qe7 20. Qd2 Nf6 21. Qg5
Nxe4 22. Rxe4 Qxg5 23. Nxg5 h6 24. Nf3 O-O 25. Rae1 Rbc8 26. Rc1 Kg7 27. c5 bxc5
28. bxc5 Ne7 29. Rec4 f6 30. cxd6 cxd6 31. Rc7 Rxc7 32. Rxc7 f5 33. Rxe7+ Kf6
34. Ra7 e4 35. Nd4 Ke5 36. Nc6+ Kxd5 37. Ne7+ Kc4 38. Nxg6 Re8 39. Rxa6 d5 40.
a4 Kd3 41. Nf4+ Kd2 42. Nxd5 Rd8 43. Nf4 e3 44. Re6 exf2+ 45. Kxf2 Rd4 46. Re2+
Kc3 47. Re3+ Kb4 48. Ne6 Rd2+ 49. Re2 Rd6 50. Ng7 Kxa4 0-1

[Event "Challenge"]
[Site "http://www.queenalice.com/game.php?id=470955"]
[Date "2008.10.1"]
[Round "-"]
[White "creualta"]
[Black "Ariram"]
[Result "0-1"]
[WhiteElo "1663"]
[BlackElo "2060"]

1. e4 e5 2. Nf3 Nc6 3. Nc3 g6 4. Nd5 Bg7 5. Bb5 Nf6 6. d3 Nxd5 7. Bg5 Nde7 8.
Bxc6 dxc6 9. Qd2 Qd6 10. d4 exd4 11. Qe2 f6 12. Bh4 Bg4 13. h3 Bxf3 14. Qxf3
Qb4+ 15. Qc3 dxc3 16. O-O cxb2 17. Rab1 O-O-O 18. Rfe1 Rd2 19. Red1 Rxd1+ 20.
Rxd1 b1=Q 0-1

[Event "Challenge"]
[Site "http://www.queenalice.com/game.php?id=470956"]
[Date "2008.10.1"]
[Round "-"]
[White "Ariram"]
[Black "creualta"]
[Result "1-0"]
[WhiteElo "2061"]
[BlackElo "1663"]

1. d4 d5 2. c4 e6 3. Nc3 a6 4. cxd5 exd5 5. Bf4 Bd6 6. Nxd5 c6 7. Qc1 Bxf4 8.
Nxf4 Qxd4 9. Nf3 Qb4+ 10. Qd2 Qxd2+ 11. Nxd2 Nf6 12. e4 O-O 13. Be2 Re8 14. f3
Nbd7 15. Nc4 h6 16. Nd6 Re7 17. O-O Ne8 18. Nf5 Re5 19. Nd3 Ra5 20. Rfc1 Kf8 21.
a4 b5 22. Bd1 Nb6 23. b4 1-0

[Event "Challenge"]
[Site "http://www.queenalice.com/game.php?id=472626"]
[Date "2008.10.4"]
[Round "-"]
[White "creualta"]
[Black "PenpenDeSarapen"]
[Result "1-0"]
[WhiteElo "1648"]
[BlackElo "1504"]

1. e4 c5 2. d3 Nc6 3. Be3 d6 4. c4 g6 5. d4 cxd4 6. Bxd4 Nxd4 7. Qxd4 Nf6 8. Nf3
Bg7 9. Qe3 Ng4 10. Qe2 Qb6 11. Nc3 Qa5 12. h3 Bxc3+ 13. Nd2 Bxd2+ 14. Qxd2 Qxd2+
15. Kxd2 1-0

[Event "Challenge"]
[Site "http://www.queenalice.com/game.php?id=475357"]
[Date "2008.10.10"]
[Round "-"]
[White "creualta"]
[Black "catalan"]
[Result "0-1"]
[WhiteElo "1663"]
[BlackElo "1700"]

1. e4 e5 2. Nf3 d6 3. Qe2 Bg4 4. h3 Be6 5. Qb5+ Nd7 6. Qxb7 Ngf6 7. Bb5 Rb8 8.
Qa6 Nxe4 9. d3 Nc5 10. Qxa7 Rxb5 11. Qa3 Be7 12. d4 Ne4 13. Qd3 Rd5 14. Qxe4
exd4 15. Nxd4 Re5 16. Qxe5 Nxe5 17. Bf4 O-O 18. c3 Nd3+ 19. Kf1 Nxf4 20. g3 Bc4+
21. Ke1 Nd3+ 22. Kd2 Nxf2 23. Rh2 Bg5+ 24. Kc2 Bd3+ 25. Kb3 Qb8+ 26. Ka3 Qa8+
27. Kb4 Rb8+ 0-1

[Event "Challenge"]
[Site "http://www.queenalice.com/game.php?id=495389"]
[Date "2008.11.19"]
[Round "-"]
[White "creualta"]
[Black "Ponce"]
[Result "0-1"]
[WhiteElo "1648"]
[BlackElo "1666"]

1. e4 e5 2. Nf3 Nc6 3. Nc3 Nf6 4. d3 Bb4 5. Bd2 a6 6. a3 Be7 7. h3 O-O 8. Be3 d6
9. b4 b5 10. d4 exd4 11. Bxd4 Be6 12. a4 Nxd4 13. Nxd4 d5 14. Nxe6 fxe6 15. e5
Nd7 16. Qd4 c6 0-1